书目信息 |
| 题名: |
超疏水材料及其在电力系统中的应用
|
|
| 作者: | 王鹏 著 | |
| 分册: | ||
| 出版信息: | 北京 化学工业出版社 2022 |
|
| 页数: | 188页 | |
| 开本: | 24cm | |
| 丛书名: | ||
| 单 册: | ||
| 中图分类: | TG174 , TG17 | |
| 科图分类: | ||
| 主题词: | 疏水性(分子生物学)--涂层--材料--研究 | |
| 电子资源: | ||
| ISBN: | 978-7-122-40094-9 | |
| 000 | 01092nam0 2200229 450 | |
| 001 | 2249112382 | |
| 005 | 20220929133857.20 | |
| 010 | @a978-7-122-40094-9@dCNY98.00 | |
| 100 | @a20220121d2022 em y0chiy50 ea | |
| 101 | 0 | @achi |
| 102 | @aCN@b110000 | |
| 105 | @aa z 000yy | |
| 200 | 1 | @a超疏水材料及其在电力系统中的应用@9chao shu shui cai liao ji qi zai dian li xi tong zhong de ying yong@f王鹏著 |
| 210 | @a北京@c化学工业出版社@d2022 | |
| 215 | @a188页@c图,照片@d24cm | |
| 330 | @a本书面向电力系统防覆冰、自清洁、透光性等功能的需求,针对涂层材料耐磨性差、各性能之间难以有效协调的技术难题,从材料优化和结构调控两方面进行研究,显著提升了涂层的耐磨性,实现了超疏水/电热、超疏水/透明等多性能的协同优化,推动了超疏水材料在电力系统中的应用研究,论述了超疏水自清洁材料在电力系统中的应用、超疏水防冰涂层在电力系统中的应用、超疏水防腐蚀材料在电力系统中的应用、超疏水储能材料在电力系统中的最新应用等。 | |
| 606 | 0 | @a疏水性(分子生物学)@x涂层@x材料@x研究 |
| 690 | @aTG174@v5 | |
| 690 | @aTG17@v4 | |
| 701 | 0 | @a王鹏@9wang peng@4著 |
| 801 | 0 | @aCN@b91MARC@c20220122 |
| 905 | @aZUCC@dTG17@e3 | |
| 超疏水材料及其在电力系统中的应用/王鹏著.-北京:化学工业出版社,2022 |
| 188页:图,照片;24cm |
| ISBN 978-7-122-40094-9:CNY98.00 |
| 本书面向电力系统防覆冰、自清洁、透光性等功能的需求,针对涂层材料耐磨性差、各性能之间难以有效协调的技术难题,从材料优化和结构调控两方面进行研究,显著提升了涂层的耐磨性,实现了超疏水/电热、超疏水/透明等多性能的协同优化,推动了超疏水材料在电力系统中的应用研究,论述了超疏水自清洁材料在电力系统中的应用、超疏水防冰涂层在电力系统中的应用、超疏水防腐蚀材料在电力系统中的应用、超疏水储能材料在电力系统中的最新应用等。 |
| ● |
| 相关链接 |
|
|
|
正题名:超疏水材料及其在电力系统中的应用
索取号:TG17/3
 
预约/预借
| 序号 | 登录号 | 条形码 | 馆藏地/架位号 | 状态 | 备注 |
| 1 | 2000906467 | 2000906467 | 第三书库/ [索取号:TG17/3] | 在馆 | |
| 2 | 2000906468 | 2000906468 | 第三书库/ [索取号:TG17/3] | 在馆 | |
| 3 | 2000906469 | 2000906469 | 第三书库/ [索取号:TG17/3] | 在馆 |